| 000 | 00358nam a2200097Ia 4500 | ||
|---|---|---|---|
| 005 | 20250424112849.0 | ||
| 008 | 250424s9999 xx 000 0 und d | ||
| 300 | _aviii, 228 p. ; 24 cm. | ||
| 650 | _aBanks and banking--Amsterdam--Periodicals. Finance--Amsterdam--Periodicals. Financial institutions--Periodicals. Banks and banking--Periodicals. | ||
| 942 | _cSR | ||
| 999 |
_c37573 _d37573 |
||